000 00656nam a2200205 a 4500
001 000043622
005 20201002044901.0
008 140331s1970 sp 000 0 spa d
040 _aDO-SdBNP
_bspa
_cBNPHU
082 _a873.1
_bA655a
100 1 _aApuleyo, Lucio
_d123/5 d.C - 180 d.C.
_971447
245 1 0 _aEl asno de oro /
_cLucio Apuleyo; prólogo Joaquín del Moral Ruiz.
260 _aMadrid :
_bLibra,
_c1970.
300 _a189 p. ;
_c17 cm.
490 1 _aPurpura
_v17
650 4 _aNovela latina
_949231
650 4 _aLiteratura italiana
_yANTERIOR A 1400
_913826
700 1 2 _aMoral Ruiz, Joaquín del
_eprol.
_912826
830 0 _aPurpura
_n17
_971448
999 _c43111
_d43111